[Event "ISR-chT"]
[Site "Israel"]
[Date "2019.02.08"]
[Round "3.6"]
[White "Bitensky, Igor"]
[Black "Gorshtein, Ido"]
[Result "1/2-1/2"]
[WhiteElo "2373"]
[BlackElo "2382"]
[PlyCount "174"]
[EventDate "2019.01.04"]
[EventType "team-tourn"]
[EventRounds "11"]
[EventCountry "ISR"]
[SourceTitle "CBM 188 Extra"]
[Source "ChessBase"]
[SourceDate "2019.02.26"]
[SourceVersion "1"]
[SourceVersionDate "2019.02.26"]
[SourceQuality "1"]
[WhiteTeam "Petah Tikva Hapoel"]
[BlackTeam "Kfar Saba"]
[WhiteTeamCountry "ISR"]
[BlackTeamCountry "ISR"]

1. e4 c6 2. d4 d5 3. e5 Bf5 4. h4 Qb6 5. a4 a5 6. Ne2 h6 7. Ra3 e6 8. Rb3 Qc7 9. Ng3 Bh7 10. Na3 Nd7 11. Be2 Ne7 12. c4 dxc4 13. Nxc4 Nd5 14. 0-0 Nb4 15. Qd2 Nb6 16. f4 Nxc4 17. Bxc4 0-0-0 18. Qf2 c5 19. dxc5 Bxc5 20. Be3 Bxe3 21. Qxe3 Kb8 22. Be2 Nc2 23. Qc3 Nd4 24. Qxc7+ Kxc7 25. Rc3+ Kb8 26. Bh5 Rd7 27. Rfc1 Rhd8 28. Kh2 Nc6 29. Rc5 Bd3 30. R1c3 Nb4 31. Rb3 b6 32. Rc1 g6 33. Bf3 Rd4 34. h5 Rxf4 35. hxg6 fxg6 36. Nh1 Rfd4 37. Nf2 Bc4 38. Rbc3 Bd5 39. Bxd5 R4xd5 40. Rg3 g5 41. Rh3 Rxe5 42. Rxh6 Re2 43. Nh3 Nd3 44. Rd1 Rd5 45. Rf1 Kc7 46. Rg6 Ne1 47. Nxg5 Rxg2+ 48. Kh3 Rgxg5 49. Rxg5 Rxg5 50. Rxe1 Kd6 51. Rd1+ Rd5 52. Rc1 Rd3+ 53. Kg4 Rd4+ 54. Kf3 Rxa4 55. Ke3 Rb4 56. Rc2 e5 57. Kd3 Kd5 58. Rh2 Rb3+ 59. Kc2 Rg3 60. Rh6 b5 61. Rb6 Rg2+ 62. Kb3 a4+ 63. Ka3 Kc5 64. Re6 Re2 65. b4+ Kd5 66. Rd6+ Ke4 67. Rd4+ Kf3 68. Rf4+ Ke3 69. Rf3+ Ke4 70. Rf4+ Kd3 71. Rd4+ Kc2 72. Rd5 Re3+ 73. Ka2 Kc3 74. Rxb5 Kc4 75. Rb8 e4 76. b5 a3 77. b6 Kb5 78. Ka1 Re1+ 79. Ka2 Re3 80. Ka1 Kb4 81. Rh8 Re1+ 82. Ka2 Re2+ 83. Ka1 Kb3 84. Rh1 Ra2+ 85. Kb1 Rb2+ 86. Ka1 Kc4 87. Rb1 Kd5 1/2-1/2